00222as aa2200061a 4450024500940000026000520009404100140014610aSig-Pafc: Sistema de Información Geográfica, plan de accción forestal para Colombia bSistema de Información geográficaaColombia0 aEspañol